Datum a čas kvízu
29.5
Celkem bodů
Celkový počet nahraných bodů na tomto kvízu bez doplňovacích otázek.
10.
Pořadí na kvízu
Konečné umístění týmu na tomto kvízu.
Zaznamenané odpovědi
| # | Otázka | Odpověď | Body | Výsledky |
|---|---|---|---|---|
| 1. | Který prezidentský kandidát se... | Karel Janeček | 1 | |
| 2. | Dvaasedmdesátiletou pacientku... | v Německu | 1 | |
| 3. | Jak to dopadne, když se bohové... | Největší dar | 0 | |
| 4. | Minulý týden jsme se dozvěděli... | Popeyes | 1 | |
| 5. | Jeden z favoritů mistrovství s... | Japonsko | 1 | |
| 6. | V tomto tématu se podíváme na... | 1A 2B 3D 4C | 0 | |
| 7. | V následujících slovech se na... | 1C 2A 3D 4B | 1 | |
| 8. | Podívejme se teď na místní jmé... | C | 0 | |
| 9. | V následujících slovech je vyn... | B | 0 | |
| 10. | Na závěr se podíváme na několi... | B | 1 |